| 000 | 00938nam a2200301 4500 | ||
|---|---|---|---|
| 003 | EC-UNACH | ||
| 005 | 20251020142319.0 | ||
| 006 | s||||gr|||| 00| 00 | ||
| 008 | 150116t9999 mx r gr 000 0 spa d | ||
| 020 | _a958-709-386-0 | ||
| 040 |
_aEC-UNACH _cEC-UNACH |
||
| 041 | _aspa | ||
| 082 | 0 | 4 |
_223 _a657.95 _bL001999 |
| 110 | _aPrinted in Colombia | ||
| 245 | _aEtiqueta moderna | ||
| 250 | _aPrimera edición | ||
| 264 |
_aColombia _bPrinted in Colombia _c2006 |
||
| 300 | _a227 | ||
| 505 | _aContenido -Agradables veladas el arte de invitar - Etiqueta en la vida social - Etiqueta en la vida familiar - Protocolo y etiqueta empresarial - Anexos | ||
| 650 | _aAgradables veladas | ||
| 650 | _aEl buen afitrion | ||
| 650 | _aPresentaciones | ||
| 700 | _aAna Eloísa Zúñiga | ||
| 942 |
_2ddc _c1 |
||
| 999 | _c14044 | ||